000 00667nam a2200157 a 4500
008 120416s0000 ||||||||||||||||| || u
020 _a0471521906
050 _aTP 157 Fro
100 _aFroment, Gilbert F
245 1 0 _aChemical reactor analysis and design
250 _a2nd ed.
260 _aNew York
_bJohn Wiley and Sons
_c1990
350 _a0.00
995 _aBINDERY (DAMAGED)
_D0.00
_e728664
_FCBU-MAIN LIBRARY (Kitwe)
_H1
_I42.95
_jTP 157 Fro
_M1
_UDAMAGED
_y019094
_ZMain Library Open Access Collection
995 _aTEXTBOOKS (COMP.SCIENCE)
_D0.00
_e3192
_FCBU-SCHOOL TEXTBOOK COLLECTIONS
_H1
_I0.00
_jSCHOOL TEXTBOOK
_M2
_UAVAILABLE
_WJul 29, 2009
_y3192
_ZSchool Collections
999 _c78185
_d78185